| Tag |
First Indicator |
Second Indicator |
Subfields |
| LEADER |
00000cam a2200000 a 4500 |
| 001 |
in00000001397 |
| 005 |
20151007050425.0 |
| 008 |
980924s1998 dcua b f000 0 eng d |
| 035 |
|
|
|a (OCoLC)39923752
|
| 035 |
|
|
|9 AJB3017AM
|
| 040 |
|
|
|d GAO
|d GPO
|d DLC
|d MvI
|d UtOrBLW
|
| 043 |
|
|
|a n-us---
|
| 049 |
|
|
|a UDOC
|
| 074 |
|
|
|a 1089-V-02
|
| 086 |
0 |
|
|a Y 3.L 71:16/V.3/NO.3/PT.B
|
| 090 |
|
|
|a HV95
|b .K63
|
| 100 |
1 |
|
|a Knell, Suzanne.
|
| 245 |
1 |
0 |
|a Learn to earn :
|b issues raised by welfare reform for adult education, training and work /
|c by Suzanne Knell.
|
| 246 |
3 |
0 |
|a Issues raised by welfare reform for adult education, training and work
|
| 264 |
|
1 |
|a Washington, DC (800 Connecticut Ave., NW, Suite 200, Washington 20006) :
|b National Institute for Literacy,
|c [1998?]
|
| 300 |
|
|
|a 30 pages :
|b illustrations ;
|c 28 cm.
|
| 336 |
|
|
|a text
|b txt
|2 rdacontent
|
| 337 |
|
|
|a unmediated
|b n
|2 rdamedia
|
| 338 |
|
|
|a volume
|b nc
|2 rdacarrier
|
| 490 |
1 |
|
|a Literacy leader fellowship program reports ;
|v v. 3, no. 3, pt. B
|
| 500 |
|
|
|a Shipping list number: 98-0364-P.
|
| 504 |
|
|
|a Includes bibliographical references (pages 27-30).
|
| 650 |
|
0 |
|a Welfare recipients
|x Employment
|z United States.
|
| 650 |
|
0 |
|a Adult education
|z United States.
|
| 650 |
|
0 |
|a Public welfare
|z United States.
|
| 710 |
2 |
|
|a National Institute for Literacy (U.S.)
|
| 830 |
|
0 |
|a Literacy leader fellowship program reports ;
|v v. 3, no. 3, pt. B.
|
| 999 |
|
|
|a MARS
|
| 999 |
f |
f |
|s c06bede4-3aca-318f-8c07-074273c42032
|i 06a384c1-e65f-3301-be90-019658b25845
|t 0
|
| 952 |
f |
f |
|p normal
|a Texas A&M University
|b College Station
|c Sterling C. Evans Library
|d Evans: US Documents (Annex 5th floor)
|t 0
|e Y 3.L 71:16/V.3/NO.3/PT.B
|h Superintendent of Documents classification
|i unmediated -- volume
|m A14824390351
|
| 998 |
f |
f |
|a Y 3.L 71:16/V.3/NO.3/PT.B
|t 0
|l Evans: US Documents (Annex 5th floor)
|